Summary of the legislative record and digest of major accomplishments of the Eighty-seventh Congress together with a statement by the Honorable Mike Mansfield, Senate Majority Leader.

Bibliographic Details
Corporate Author: ProQuest (Firm)
Format: eBook
Language:English
Published: Washington : [publisher not identified], 1962.
Series:United States congressional serial set.
Subjects:
Online Access:Connect to the full text of this electronic book

MARC

Tag First Indicator Second Indicator Subfields
LEADER 00000cam a22000001a 4500
001 in00003232103
005 20190403193949.0
006 m o d
007 cr un mmmapmmp
008 080604s1962 dcud o f000 0 eng d
035 |a cis2004268878 
040 |a UMI  |c UMI  |d UtOrBLW 
043 |a n-us--- 
099 |a ProQuest Serial Set Number 12445 S.doc.160 
245 0 0 |a Summary of the legislative record and digest of major accomplishments of the Eighty-seventh Congress together with a statement by the Honorable Mike Mansfield, Senate Majority Leader. 
246 1 |a Summary of legislative record and digest of major accomplishments of 87th Congress, with statement by Honorable Mike Mansfield, Senate majority leader 
264 1 |a Washington :  |b [publisher not identified],  |c 1962. 
300 |a 1 online resource. 
336 |a text  |b txt  |2 rdacontent 
337 |a computer  |b c  |2 rdamedia 
338 |a online resource  |b cr  |2 rdacarrier 
490 0 |a S.doc.160 
500 |a Record is based on bibliographic data in ProQuest U.S. Serial Set Digital Collection (last viewed June 2008). Reuse except for individual research requires license from ProQuest, LLC. 
510 3 |a ProQuest U.S. Serial Set Digital Collection 
500 |a Electronic resource. 
610 1 0 |a United States.  |b Congress.  |b Senate. 
651 0 |a United States  |x Officials and employees. 
655 7 |a Electronic books.  |2 local 
710 2 |a ProQuest (Firm) 
830 0 |a United States congressional serial set. 
856 4 0 |u http://proxy.library.tamu.edu/login?url=http://congressional.proquest.com/congcomp/getdoc?SERIAL-SET-ID=12445+S.doc.160  |z Connect to the full text of this electronic book  |t 0 
999 |a MARS 
999 f f |s 05cdecd8-c7fc-3b18-b1a7-b5b39c07a622  |i 5e92ff7f-a98a-3ab1-87c0-73f2d4609428  |t 0 
952 f f |a Texas A&M University  |b College Station  |c Electronic Resources  |d Available Online  |t 0  |e ProQuest Serial Set Number 12445 S.doc.160  |h Other scheme 
998 f f |a ProQuest Serial Set Number 12445 S.doc.160  |t 0  |l Available Online